| 000 | 00432nam a2200145Ia 4500 | ||
|---|---|---|---|
| 008 | 190723s9999 xx 000 0 und d | ||
| 020 | _a9780006550716 | ||
| 100 | _aTerzani, Tiziano | ||
| 245 |
_cTiziano Terzani _aA Fortune-teller told me: _bearthbound travels in the Far East/ |
||
| 260 |
_aLondon: _bHarper Collins _c1997 |
||
| 300 |
_ai, 375 p. : _c200 cm. |
||
| 500 | _aIncludes index | ||
| 650 | _aEast Asia | ||
| 650 | _aTravel | ||
| 999 |
_c362011 _d362011 |
||